000 01026nam a2200277Ia 4500
003 OSt
005 20221005110108.0
006 a|||||r|||| 00| 0
007 ta
008 221004b |||||||| |||| 00| 0 hin d
020 _a9788172011253 (hbk)
_cINR 250.00
024 _a36969
037 _bBW/1663, 14/03/2018, Bookwell
_cTextual
040 _aCRL
_cCRL
_bhin
041 _2hin
_ahin
082 _aO152,1M89x, Q5
100 _aप्रभाकर, विष्णु, संपा.
245 0 _aप्रसाद रचना संचयन
246 _aPrasād rachanā sanchayana
260 _aनई दिल्ली
_bसाहित्य अकादेमी भारत
_c2015
300 _a584पृ0
_ccm.
650 _a हिन्दी साहित्य
650 _aहिन्दी कविता
942 _hO152,1M89x, Q5
_cTEXL
_2cc
999 _c1017779
_d1017779